Luyện trí nhớ 3200 từ vựng dành cho người học TOEFL 3200 words for TOEFL learners

Đã lưu trong:
書目詳細資料
主要作者: Hoàng, Thanh
企業作者: Nhóm Giáo viên Anh ngữ thực hành
格式: 圖書
語言:Vietnamese
出版: Hà Nội Thanh niên 2017
主題:
標簽: 添加標簽
沒有標簽, 成為第一個標記此記錄!
Thư viện lưu trữ: Trung tâm Học liệu Lê Vũ Hùng, Trường Đại học Đồng Tháp
LEADER 00871pam a22002658a 4500
001 00042643
008 160217s2014 ||||||Engsd
005 20181012151042.0
020 # # |c 87000  |a 9786046489344 
041 0 # |a vie 
082 1 4 |a 428  |b L527TR 
100 1 # |a Hoàng, Thanh 
245 1 0 |a Luyện trí nhớ 3200 từ vựng dành cho người học TOEFL  |b 3200 words for TOEFL learners  |c Hoàng Thanh 
260 # # |a Hà Nội  |b Thanh niên  |c 2017 
300 # # |a 352 tr.  |c 24 cm.  |e 1 CD 
653 # # |a Luyện thi 
653 # # |a Tự học 
653 # # |a Từ vựng 
653 # # |a Ngôn ngữ 
653 # # |a TOEFL 
653 # # |a Tiếng Anh 
710 # # |a Nhóm Giáo viên Anh ngữ thực hành 
852 # # |j KD.0024798 
910 |d 12/10/2018 
980 # # |a Trung tâm Học liệu Lê Vũ Hùng, Trường Đại học Đồng Tháp